000 01378nam a2200349 c 4500
003 BLK
005 20180420220224.0
008 180407b bul|||||r ||||||| ||bul||
010 _aKNG00030956000
040 _aBLK
041 _aBUL
_cBUL
080 _aИстория на Скандинавските страни
_b948
_x:087.5
_z948:087.5
100 1 _aЧишолм, Джейн
_eпърви автор
_9267780
700 1 _aРайд, Струан
_eсъавт.
_9267781
700 1 _aКенова, Юлия
_eпрев. от англ.
_978232
139 _aЧишолм, Джейн и др.
_bЧ 86
245 1 0 _aКои били викингите?
_cДжейн Чишолм; съавт. Струан Райд; прев. от англ. Юлия Кенова.
257 _aGBR
260 София
_bФют
_c2000
_fСофия : Д. Благоев
300 _a32 с.
_bс цв. ил.
_c24 см
380 _a9
490 1 _aПърви стъпки в историята
500 _aОриг. загл. Who were the Vikings. - Азб. показалец.
650 4 _aВикинги - история и култура
_9150708
650 4 _aНормани - история и култура
_9164336
653 _aвикинги
852 _aЦб 203723
856 4 _qpdf
_u
856 4 _qpdf
_u
942 _cKNG
_n0
944 _aCR
_c15.01.2003
_kAB_DOS
944 _aED
_c21.10.2015
_kГеновева_Генчева
999 _c28362
_d28362